|
|
|
|
| LEADER |
01221nam a2200277 a 4500 |
| 001 |
c000160333 |
| 003 |
CARM |
| 005 |
19970402000000.0 |
| 008 |
970404s1997 dcua f000 0 eng d |
| 019 |
1 |
|
|a 13118002
|5 LACONCORD2021
|
| 035 |
|
|
|a (OCoLC)36618066
|5 LACONCORD2021
|
| 040 |
|
|
|a VCMB
|b eng
|c VCMB
|
| 082 |
0 |
4 |
|a 551.6354
|
| 245 |
0 |
0 |
|a Operational calibration of the imagers and sounders on the GOES-8 and -9 satellites /
|c Michael Weinreb ... [et al.].
|
| 260 |
|
|
|a Washington, D.C. :
|b National Environmental Satellite, Data, and Information Service,
|c 1997.
|
| 300 |
|
|
|a iii, 32 p. :
|b ll. ;
|c 28 cm.
|
| 440 |
|
0 |
|a NOAA technical memorandum NESDIS ;
|v 44.
|
| 504 |
|
|
|a Bibliography: p. 31-32.
|
| 650 |
|
0 |
|a Satellite meteorology.
|
| 650 |
|
0 |
|a Meteorological instruments.
|
| 650 |
|
0 |
|a Automatic data collection systems
|x Equipment and supplies.
|
| 700 |
1 |
|
|a Weinreb, Michael P.
|
| 710 |
1 |
|
|a United States.
|b National Environmental Satellite, Data, and Information Service.
|
| 852 |
8 |
|
|b CARM
|h A2:AN17E0
|i D05679
|p 0211185
|f BK
|
| 999 |
f |
f |
|i ccc27d05-ed26-5326-94e6-9811fb1eef9a
|s 3be5d126-7034-54ea-a770-3e0a76e98e70
|
| 952 |
f |
f |
|p Can circulate
|a CAVAL
|b CAVAL
|c CAVAL
|d CARM 1 Store
|e D05679
|f A2:AN17E0
|h Other scheme
|i book
|m 0211185
|